Bolivian Aymara neo-pentecostal identity (Registro nro. 68172)
[ vista simple ]
| 000 -LÍDER | |
|---|---|
| Campo fijo de descripción fija | 01771nab a2200241 i 4500 |
| 001 - NÚMERO DE CONTROL | |
| Campo de control | 768714001 |
| 003 - IDENTIFICADOR DEL NÚMERO DE CONTROL | |
| Campo de control | CO-MdFUSB |
| 005 - FECHA Y HORA DE LA ULTIMA TRANSACCIÓN | |
| control field | 20230607124054.0 |
| 008 - ELEMENTOS DE LONGITUD FIJA -- INFORMACIÓN GENERAL | |
| Campo fijo de descripción fija -- Información general | 220916s2014 -us||||| |||| 00| 0 eng d |
| 022 ## - NÚMERO INTERNACIONAL NORMALIZADO PARA PUBLICACIONES SERIADAS | |
| Número Internacional Normalizado para Publicaciones Seriadas | 16698649 |
| 040 ## - FUENTE DE CATALOGACIÓN | |
| Idioma de catalogación | spa |
| Agencia que realiza la transcripción | CO-MdFUSB |
| Agencia que realiza la modificación | CO-MdFUSB |
| Agencia Catalogadora | CO-MdFUSB |
| 041 ## - CÓDIGO DE IDIOMA | |
| Código de idioma para texto/pista de sonido o título separado | eng |
| 100 ## - ASIENTO PRINCIPAL--NOMBRE PERSONAL | |
| Nombre personal | Vargas, Marcelo, |
| Término relacionador | autor |
| 245 1# - TÍTULO | |
| Título | Bolivian Aymara neo-pentecostal identity |
| Subtitulo | : historical background and case study analysis of the power of God church |
| Mención de responsabilidad | / Marcelo Vargas |
| 300 ## - DESCRIPCIÓN FÍSICA | |
| Extensión | Volumen 9, número 1 (2014), páginas 9 - 72 |
| Dimensiones | ; 20 cm |
| 520 ## - NOTA DE RESUMEN, ETC. | |
| Nota de sumario, etc. | En este artículo Marcelo Vargas, secretario general de FTL analiza la iglesia Ministerio del Nuevo Pacto Poder de Dios en La Paz, Bolivia. De varias maneras esta iglesia es una de las típicas congregaciones neo-pentecostales en América Latina, con un liderazgo fuertemente centralizado, enfocado en una figura carismática, y énfasis en la prosperidad material. Pero difiere de otros grupos pentecostales en formas significativas: (1) su membrecía es predominantemente indígena (aimara), y (2) sus miembros pertenecen más a sectores económicos bajos que a la clase media. Las conclusiones de Vargas acerca de la presencia de la cultura aimara en medio de la iglesia –una forma de sincretismo positivo- recuperan y valoran la identidad cultural y la historia de los creyentes aimaras, a la vez que critican los excesos de ciertos énfasis neo pentecostales. |
| 546 ## - NOTA DE IDIOMA | |
| Nota de idioma | Texto en Inglés |
| 650 #0 - ASIENTO SECUNDARIO DE MATERIA - TERMINO TEMÁTICO | |
| 9 (RLIN) | 142 |
| Término temático o nombre geográfico como elemento de entrada | Pentecostalismo |
| 653 ## - TÉRMINO DE INDIZACIÓN - NO CONTROLADO | |
| Término no controlado | Eclesiología |
| 653 ## - TÉRMINO DE INDIZACIÓN - NO CONTROLADO | |
| Término no controlado | Neopentecostalismo -- Bolivia. |
| 773 0# - ASIENTO DE ITEM FUENTE | |
| Biblionumber | 49416 |
| Itemnumber | 81282 |
| Lugar, editorial y fecha de publicación | Santiago de Chile |
| Otro identificador del ítem | R1730 |
| Título | Journal of Latin American Theology : |
| Número de control del registro | (CO-MdFUSB)118 |
| Número Internacional Normalizado para Publicaciones Seriadas (ISSN) | 1669-8949 |
| Parte(s) relacionada(s) / Volumen., número. (mes año), páginas | Volumen 9, número 1 (2014), páginas 9 - 72 |
| Enumeración y primera página | página 9 |
| 942 ## - TIPO DE MATERIAL (KOHA) | |
| Tipo de Item KOHA | Artículos de Revista |
No hay ítems disponibles.
